000 00582nam a22002177a 4500
005 20251108170956.0
008 250721s1992 xx 000 0 ara d
020 _a9770236101
082 1 4 _aط/598/لمن
100 1 _aلمن، روبرت
245 1 0 _aالطيور /
250 _aط. 7
264 1 _aالقاهرة :
_bدار المعارف،
_c1992.
300 _a107ص.
490 0 _aكل شئ عن
_v8
650 1 7 _aالطيور
653 _a(سنة 18-15) ناشئون كبار
700 1 _aبدران، مصطفى
_eTran.
942 _2ddc
_cBK
999 _c53467
_d53467